000
00315nam a22001217a 4500
008
160427b xxu||||| |||| 00| 0 eng d
020
_a
9780132111751
020
_a
0132111756
041
_a
eng
080
_a
618.2
245
1
0
_a
Principles of pediatric nursing:
_c
Jane Ball; Ruth Bindler; Kay Cowen;
942
_2
udc
_c
BK
999
_c
1626
_d
1626